000 01038nam a2200337 4500
001 00417321
003 DO-SdBPM
005 20250617113753.0
007 00417321
008 941021r1993 sp | |||| ||spa
017 _a
_b
020 _a8434829053
035 _a
040 _aDO-SdBPM
_bspa
_cBPMSU
_e
082 4 _a833.8
_bH352u 1993
_222
100 1 _aHasler, Eveline
240 1 4 _aDer Löchersammler
_lespañol
245 1 0 _aUn montón de nadas /
_cEveline Hasler ; ilustraciones, Asun Balzola ; traducción María Teresa Bolz
_h
250 _a 5a. ed.
260 _aMadrid :
_bSM,
_c1993
300 _a99 p. :
_bil.;
_c19 cm
490 0 _aEl barco de vapor;
_aSerie naranja,
_v47
500 _aA partir de 9 años
590 _aInvententariado, 2025/VM
650 4 _a Cuentos infantiles suizos
650 4 _aAmistad
_v Cuentos infantiles
700 1 _aBalzola, Asun
_d1942-2006
_eilustración
700 1 _aMaría Teresa
_etraductro
910 _aVMateo V. Control de calidad. BPMSU
942 _2ddc
_cBK
999 _c9703
_d9703